Clinical chemistry / (Record no. 356025)
[ view plain ]
| 000 -LEADER | |
|---|---|
| fixed length control field | 00282nam a2200109Ia 4500 |
| 008 - FIXED-LENGTH DATA ELEMENTS--GENERAL INFORMATION | |
| fixed length control field | 180219s9999 xx 000 0 und d |
| 020 ## - INTERNATIONAL STANDARD BOOK NUMBER | |
| International Standard Book Number | 9780815365105 |
| 100 ## - MAIN ENTRY--PERSONAL NAME | |
| Personal name | White, David |
| 245 ## - TITLE STATEMENT | |
| Title | Clinical chemistry / |
| 260 ## - PUBLICATION, DISTRIBUTION, ETC. (IMPRINT) | |
| Place of publication, distribution, etc | USA : |
| Name of publisher, distributor, etc | Garland science |
| Date of publication, distribution, etc | 2017 |
| 300 ## - PHYSICAL DESCRIPTION | |
| Extent | xii, 587 pages |
| Withdrawn status | Lost status | Damaged status | Home library | Current library | Shelving location | Date acquired | Source of acquisition | Total Checkouts | Total Renewals | Full call number | Barcode | Date last seen | Date checked out | Price effective from | Koha item type |
|---|---|---|---|---|---|---|---|---|---|---|---|---|---|---|---|
| South SEED-LPDH College Library | South SEED-LPDH College Library | South SEED-LPDH College Section | 02/19/2018 | Library Fund | 2 | 7 | RB 37 .W582 2017 | SSLC1685 | 02/22/2019 | 01/23/2019 | 02/19/2018 | Books |